<?xml version="1.0" encoding="UTF-8"?>
<record
    xmlns:xsi="http://www.w3.org/2001/XMLSchema-instance"
    xsi:schemaLocation="http://www.loc.gov/MARC21/slim http://www.loc.gov/standards/marcxml/schema/MARC21slim.xsd"
    xmlns="http://www.loc.gov/MARC21/slim">

  <leader>01724cam a2200277   4500500</leader>
  <controlfield tag="005">20260111112247.0</controlfield>
  <datafield tag="041" ind1=" " ind2=" ">
    <subfield code="a">fre</subfield>
  </datafield>
  <datafield tag="042" ind1=" " ind2=" ">
    <subfield code="a">dc</subfield>
  </datafield>
  <datafield tag="100" ind1="1" ind2="0">
    <subfield code="a">Houzel, Didier</subfield>
    <subfield code="e">author</subfield>
  </datafield>
  <datafield tag="245" ind1="0" ind2="0">
    <subfield code="a">&#xC9;coute de l&#x2019;archa&#xEF;que et principe de charit&#xE9;</subfield>
  </datafield>
  <datafield tag="260" ind1=" " ind2=" ">
    <subfield code="c">2016.
							</subfield>
  </datafield>
  <datafield tag="500" ind1=" " ind2=" ">
    <subfield code="a">38</subfield>
  </datafield>
  <datafield tag="520" ind1=" " ind2=" ">
    <subfield code="a">Un aspect central de l&#x2019;observation d&#x2019;un b&#xE9;b&#xE9; selon la m&#xE9;thode d&#x2019;Esther Bick consiste &#xE0; donner du sens &#xE0; tout ce qu&#x2019;il manifeste. L&#x2019;auteur emprunte la notion de &#xAB;&#xA0;principe de&#xA0;charit&#xE9;&#xA0;&#xBB; &#xE0; la philosophie linguistique pour rendre compte de cette exigence qui rappelle l&#x2019;exigence pour l&#x2019;anthropologue de faire cr&#xE9;dit aux peuplades qu&#x2019;il explore que leurs expressions de toute nature ont un sens.</subfield>
  </datafield>
  <datafield tag="520" ind1=" " ind2=" ">
    <subfield code="a">One of the main aspects of the observation of a baby according to Esther Bick&#x2019;s method consists in giving a meaning to whatever the baby expresses. The author borrows the concept of &#x201C;Principle of Charity&#x201D; to the linguistic philosophy to give an account of that requirement which reminds the requirement the anthropologist has to satisfy: to give credit to the tribes he is exploring that their expressions whatever their nature have a meaning.</subfield>
  </datafield>
  <datafield tag="690" ind1=" " ind2=" ">
    <subfield code="a">champ psychanalytique</subfield>
  </datafield>
  <datafield tag="690" ind1=" " ind2=" ">
    <subfield code="a">co-pens&#xE9;e empathie</subfield>
  </datafield>
  <datafield tag="690" ind1=" " ind2=" ">
    <subfield code="a">contre-transfert</subfield>
  </datafield>
  <datafield tag="690" ind1=" " ind2=" ">
    <subfield code="a">observation participante</subfield>
  </datafield>
  <datafield tag="690" ind1=" " ind2=" ">
    <subfield code="a">co-thinking</subfield>
  </datafield>
  <datafield tag="690" ind1=" " ind2=" ">
    <subfield code="a">counter-transference</subfield>
  </datafield>
  <datafield tag="690" ind1=" " ind2=" ">
    <subfield code="a">empathy</subfield>
  </datafield>
  <datafield tag="690" ind1=" " ind2=" ">
    <subfield code="a">participant observation</subfield>
  </datafield>
  <datafield tag="690" ind1=" " ind2=" ">
    <subfield code="a">psychoanalytic field</subfield>
  </datafield>
  <datafield tag="786" ind1="0" ind2=" ">
    <subfield code="n">Journal de la psychanalyse de l'enfant | 6 | 2 | 2016-10-26 | p. 75-94 | 0994-7949</subfield>
  </datafield>
  <datafield tag="856" ind1="4" ind2="1">
    <subfield code="u">https://shs.cairn.info/revue-journal-de-la-psychanalyse-de-l-enfant-2016-2-page-75?lang=fr&amp;redirect-ssocas=7080</subfield>
  </datafield>
  <datafield tag="999" ind1=" " ind2=" ">
    <subfield code="c">1631939</subfield>
    <subfield code="d">1631939</subfield>
  </datafield>
</record>
